• 首页
  • 本馆介绍
  • 公告通知
  • 最新文献
  • 馆藏检索
  • 电子资源
  • 读者导购
  • 参考咨询
  • 我的图书馆
  • 登录
  • 详细信息显示
  • 放入我的书架
  • 预约/预借图书
  • 作者相关作品
  • 分类相关作品
  • 丛书相关作品
  • 出版社相关作品

书目信息

  • 表格格式
  • 工作单格式
  • 卡片格式
题名:
在北大听讲座
    
 
作者: 文池 主编
分册: 第二十辑  
出版信息: 北京   新世界出版社  2010
页数: 264页
开本: 23cm
丛书名:
单 册:
中图分类: C53
科图分类:
主题词: 社会科学--文集 , 社会科学
电子资源:
ISBN: 978-7-5104-0927-1
000 00802nam0 2200253 450
001 004634556
005 20110222142933.92
010    @a978-7-5104-0927-1@dCNY29.00
035    @a004634556
100    @a20100702d2010 em y0chiy0110 ea
101 0  @achi
102    @aCN@b110000
105    @ay z 000yy
106    @ar
200 1  @a在北大听讲座@9zai bei da ting jiang zuo@h第二十辑@f文池主编
210    @a北京@c新世界出版社@d2010
215    @a264页@d23cm
330    @a本书是“在北大听讲座”书系的第二十辑,所收文章皆为专家、教授、知名学者、社会名流在北大的精彩演讲,分为国事关怀、公民建设、文化镜像三部分。
606 0  @a社会科学@j文集
606 0  @a社会科学
690    @aC53@v4
701  0 @a文池@9wen chi@4主编
801  0 @aCN@bNLC@c20110222
905    @b207997140-186@h799714-18@dC53@e111:20@f5
    
    在北大听讲座.第二十辑/文池主编.-北京:新世界出版社,2010
    264页;23cm
    
    
    ISBN 978-7-5104-0927-1:CNY29.00
    本书是“在北大听讲座”书系的第二十辑,所收文章皆为专家、教授、知名学者、社会名流在北大的精彩演讲,分为国事关怀、公民建设、文化镜像三部分。
●
相关链接 在E读中查询图书 在五车中查询图书 在当当中查询图书 在豆瓣中查询图书


正题名:在北大听讲座     索取号:C53/111:20         预约/预借

序号 登录号 条形码 馆藏地/架位号 状态 备注
1 799714   207997140   第一样本阅览室/ [索取号:C53/111:20] 在馆    
2 799715   207997159   第一借阅区/ [索取号:C53/111:20] 在馆    
3 799716   207997168   第一借阅区/ [索取号:C53/111:20] 在馆    
4 799717   207997177   第一借阅区/ [索取号:C53/111:20] 在馆    
5 799718   207997186   第一借阅区/ [索取号:C53/111:20] 在馆    
唐山师范学院图书馆 欢迎您!
大连网信软件有限公司© 版权所有